[Event "Clichy 92 IM 2022"]
[Site "Clichy"]
[Date "2022.02.23"]
[Round "4.3"]
[White "Degardin, Sylvain"]
[Black "Valles Moreno, Ivan"]
[Result "1-0"]
[WhiteElo "2291"]
[BlackElo "2401"]
[Annotator "TA"]
[PlyCount "139"]
[EventDate "2022.02.20"]
[EventType "tourn"]
[EventCountry "FRA"]
[SourceTitle "playchess.com"]
[Source "ChessBase"]
[SourceQuality "1"]

{[%evp 12,139,33,15,35,21,23,18,17,20,33,29,18,18,22,22,16,17,31,20,29,18,29,28,39,29,31,23,22,16,22,14,23,11,12,0,0,0,0,0,0,0,0,-12,25,36,25,12,39,32,55,48,58,0,0,0,0,0,0,0,77,76,152,40,89,97,87,59,152,162,262,277,356,340,325,302,279,282,314,316,424,408,400,404,412,396,491,475,609,591,631,638,621,443,445,433,439,445,445,445,445,439,423,411,411,8,8,8,25,0,0,0,8,8,8,8,8,8,8,8,8,8,8,8,8,8,8,8,29984,29985]} 1. e4 c5 2. Nf3 d6 3. Bb5+ Bd7 4. Bxd7+ Nxd7 5. O-O Ngf6 6. Qe2 e6 7. c4 a6 {7...Ne5 is the modern continuation. B52: Sicilian: Moscow Variation with 3...Bd7.} 8. Nc3 Rc8 9. b3 Be7 {The position is equal.} 10. Bb2 Qa5 11. d4 cxd4 12. Nxd4 {[#]} Qh5 $146 ({Predecessor:} 12... O-O 13. Rac1 Rfe8 14. Kh1 Qe5 15. Rcd1 Qa5 16. f4 Qh5 17. Nf3 Red8 18. Rg1 Qa5 19. Nd4 h5 20. Rd3 Bf8 {1-0 (58) Firouzja,A (2759)-Adhiban,B (2660) chess24.com INT 2021}) 13. Qxh5 Nxh5 14. Rad1 Nhf6 15. Nde2 Nc5 16. f3 h5 17. Bc1 b6 18. Bf4 Nb7 19. Rd2 Nd7 20. Rfd1 g5 21. Be3 (21. Bxd6 Nxd6 22. Rxd6 Bxd6 23. Rxd6 Ke7 $19) 21... Nbc5 22. Nc1 g4 23. Bf4 gxf3 24. gxf3 Ne5 25. Kf2 Rg8 26. N1e2 Nb7 27. Bg3 h4 (27... Bg5 $5 {[%cal Rg5d2]}) 28. Bf4 h3 29. Bg3 $1 Bd8 {[%cal Ob6b5]} 30. f4 Ng4+ 31. Kf3 Be7 32. Na4 ({Better is} 32. Rc2 $14) 32... b5 $1 $11 33. cxb5 ({Much worse is} 33. Nb6 Rc6 34. Na8 Bd8 35. cxb5 axb5 $17) 33... axb5 34. Nac3 b4 35. Na4 e5 (35... Nf6 $11 {keeps the balance.}) 36. Nb6 $16 Rc6 (36... Rc5 $142) 37. Nc4 (37. Nd5 $1 $16) 37... f6 (37... Nc5 $14 38. Nxd6+ Bxd6 39. Rxd6 Rxd6 40. Rxd6 f5 41. fxe5 fxe4+ 42. Kf4 Nxh2 43. Bxh2 Rg2) 38. f5 $1 Nh6 39. Ng1 {[%cal Be2g1,Bg1h3,Bh3f2,Bf2g4][%mdl 32] White is more active.} Nf7 ({Black should try} 39... Rh8 $1 $14) 40. Nxh3 Ra6 (40... Nc5 $142 41. Rc2 Kd7) 41. Ne3 $1 $18 Rh8 42. Nf2 Ng5+ 43. Ke2 Nc5 44. Nd5 Ra3 45. Ke3 {[%cal Be2e3,Be3f3,Bf3g3][%mdl 32]} (45. Nxb4 Ngxe4 46. Nxe4 Nxe4 $14) 45... Bd8 46. h4 Nf7 47. Ng4 Kf8 48. Kf3 Rg8 49. Ngxf6 Bxf6 50. Nxf6 Rxg3+ 51. Kxg3 Kg7 52. Ne8+ Kf8 53. Nxd6 ({Not} 53. Nf6 Kg7 54. Nh5+ Kh6 $18) 53... Nxd6 54. Rxd6 Nxe4+ 55. Kf3 {White threatens Rd8+ and mate.} Nxd6 56. Rxd6 Rxa2 {[%mdl 4096] Endgame KR-KR} 57. Rb6 Kf7 {[#]} 58. Ke4 $2 (58. h5 $1 $18) 58... Re2+ $11 59. Kd5 Re3 60. h5 Rxb3 61. Kxe5 Re3+ 62. Kf4 Re1 63. Rxb4 {Strongly threatening Kg5.} Kf6 $1 64. Rb6+ Kf7 65. h6 Rf1+ $1 66. Kg4 {Black must now prevent Rb3.} Rg1+ 67. Kf3 Rf1+ 68. Ke4 Re1+ $1 69. Kd3 $1 Re5 $2 {[%mdl 8192] [#]} (69... Rd1+ $11 70. Ke4 Re1+ 71. Kf4 Rf1+ 72. Ke5 Re1+ 73. Kd5 Rd1+ 74. Ke4 (74. Ke5 Re1+ 75. Kf4 $11) 74... Re1+) 70. Rb8 $1 {Weighted Error Value: White=0.26 (precise) /Black=0.21 (precise)} 1-0

[Event "Clichy 92 IM 2022"]
[Site "Clichy"]
[Date "2022.02.22"]
[Round "4.4"]
[White "Decuigniere, Tom"]
[Black "Droin, Augustin"]
[Result "1/2-1/2"]
[WhiteElo "2292"]
[BlackElo "2343"]
[Annotator "TA"]
[PlyCount "85"]
[EventDate "2022.02.20"]
[EventType "tourn"]
[EventCountry "FRA"]
[SourceTitle "playchess.com"]
[Source "ChessBase"]
[SourceQuality "1"]

{[%evp 10,85,-4,-7,19,11,20,11,15,0,18,17,8,-33,-28,-43,-38,-92,-87,-92,-88,-113,-119,-148,-127,-154,-127,-180,52,49,41,30,29,54,56,50,168,181,166,168,174,156,150,98,85,81,233,237,254,254,245,244,225,153,141,124,139,-217,-206,-197,-197,-326,-302,-319,0,0,0,0,0,0,0,0,0,0,0,0,0,0]} 1. d4 Nf6 2. c4 e6 3. Nc3 Bb4 4. f3 O-O 5. a3 Bxc3+ 6. bxc3 Nh5 {E27: Nimzo-Indian: Sämisch: 5...0-0 6 f3.} 7. Nh3 f5 8. e3 {Recently 8.e4 got a lot of attention.} d6 9. Bd3 c5 10. O-O Nc6 11. Bd2 {[#]} (11. Bc2 $11) 11... e5 $146 ({Predecessor:} 11... Qe7 12. Rb1 b6 13. Qa4 Bd7 14. Qc2 e5 15. Rbe1 Rae8 16. Nf2 Qh4 17. d5 Na5 {0-1 (46) Kuzmicz,K (2408)-Kukula,P (2247) Warsaw 2008}) 12. f4 Nf6 13. d5 ({White should try} 13. fxe5 $15 dxe5 14. Qc2 (14. Bxf5 Bxf5 15. Rxf5 Qd7 $17) (14. d5 Na5 $15)) 13... Na5 $17 14. fxe5 dxe5 {[%cal Bd6e5,Be5e4][%mdl 32]} 15. Be1 Ng4 {And now ...e4 would win.} 16. Qe2 e4 $1 17. Bc2 b6 18. Bg3 {[#]} (18. Nf4 $17 {was called for.}) 18... Ba6 $2 {[#]} (18... Qd7 $1 $19 {White must now prevent ...Ba6.} 19. d6 Ba6) 19. Rxf5 $1 $14 Rxf5 (19... Qd7 20. Qxg4) 20. Qxg4 Qd7 {[%cal Of5f1] ...Rf1+! is the strong threat.} 21. Qxe4 Raf8 22. Bd3 {This bishop pair is nice.} ({Much worse is} 22. Qh4 Bxc4 23. Bf2 h6 24. Bxf5 Qxf5 $11) 22... Bxc4 23. Bxc4 $18 Nxc4 24. Qxc4 b5 25. Qe2 ({Don't go for} 25. Qxc5 $2 Rxd5 26. Bd6 Rxd6 $19) 25... Rxd5 {[#]} 26. Nf2 (26. Be1 $142 $1) 26... Rd2 $16 27. Qe1 c4 $2 (27... Qd5 $2 28. e4 Qg5 29. e5 $18) (27... a5 $16) 28. e4 $18 {[%cal Be3e4,Be4e5][%mdl 32]} Rd8 29. e5 Qe6 30. Ne4 Rb2 31. Rd1 Rd3 32. Nf2 Qd5 {[%cal Ob2f2] Strongly threatening ...Rxf2!} 33. Rb1 $2 {[%mdl 8192]} ({Reject} 33. Rxd3 $6 cxd3 34. h3 Rc2 $11) (33. Ra1 $16 {and life is bright. Hoping for e6.} Rdd2 34. Qe3) 33... Rxb1 {[%mdl 64] Overworked Piece} 34. Qxb1 Rxc3 35. Qe1 {To avoid Qd2} (35. Bf4 {is the only way for White.} Rxa3 36. h3) 35... Qd4 $19 36. Bf4 {[%cal Oe5e6]} Rc2 $2 (36... Rxa3 $19 {Threatens to win with ...Ra1.} 37. e6 Ra1) 37. g3 $1 $11 {The position is equal.} Ra2 38. e6 $36 {[%mdl 2048] e7 would kill now. White has some pressure.} Ra1 39. Bc1 {White threatens e7 and mate.} Kf8 40. Qb4+ Kg8 41. Qe1 {White wants to mate with e7. The board is on fire.} Kf8 {aiming for ...a6.} 42. Qb4+ Kg8 43. Qe1 {White used his chance.  Weighted Error Value: White=0.34/Black=0.33} 1/2-1/2

[Event "Clichy 92 IM 2022"]
[Site "Clichy"]
[Date "2022.02.22"]
[Round "4.5"]
[White "Soham Das"]
[Black "Petrov, Martin"]
[Result "0-1"]
[WhiteElo "2330"]
[BlackElo "2542"]
[Annotator "TA"]
[PlyCount "118"]
[EventDate "2022.02.20"]
[EventType "tourn"]
[EventCountry "FRA"]
[SourceTitle "playchess.com"]
[Source "ChessBase"]
[SourceQuality "1"]

{[%evp 21,118,22,48,11,11,16,33,41,20,18,27,0,22,0,33,0,23,12,20,0,0,0,0,0,6,-19,-14,-30,-10,-19,-21,-34,-28,-29,0,0,0,0,20,21,23,27,16,16,31,33,50,37,24,27,41,36,55,33,46,0,0,0,9,6,20,0,0,-8,0,-29,-11,-195,-214,-316,-195,-182,-175,-225,-213,-208,-219,-316,-316,-449,0,-474,-448,-362,-282,-964,-984,-965,-955,-5089,-5089,-29974,-29975,-29974,-29974,-29975,-29976,-29971,-4631]} 1. e4 c5 2. Nf3 d6 3. d4 cxd4 4. Nxd4 Nf6 5. Nc3 g6 6. Be3 Bg7 7. Be2 O-O 8. Qd2 Nc6 9. O-O-O Ng4 10. Bxg4 Bxg4 11. f3 Be6 12. Kb1 {B72: Sicilian Dragon: 6 Be3, lines with h3+Bc4 and sidelines.} Qa5 {[#]} 13. Nd5 $146 ({Predecessor:} 13. Nde2 Rfc8 14. Nd5 Bxd5 15. Qxd5 Qa6 16. Qd2 Bxb2 17. Kxb2 Ne5 18. Ka1 Nc4 19. Qd3 Nxe3 20. Qxe3 Rxc2 21. Nc1 Rac8 22. Qb3 R8c3 23. Qb1 Rxg2 24. Rd3 Qc4 25. Rhd1 Rgc2 {0-1 (25) Knezevic,B (2390)-Kahn,E (2400) Budapest 1995}) 13... Bxd5 {This bishop pair is nice.} 14. Qxa5 {White is slightly better.} Nxa5 15. exd5 Nc4 16. Bg5 Rfe8 17. Rhe1 Kf8 18. Re4 {[%cal Od4e6]} h6 19. Bc1 {[%cal Od4e6]} Nb6 20. Nb5 {Black must now prevent Nc7.} Rec8 {Inhibits Nc7.} 21. Be3 {[%cal Ob5a7] Inhibits Rc5. With the idea Nxa7!} Nc4 22. Bd4 Bxd4 23. Nxd4 Nb6 $1 24. Nb3 {[%cal Bd4b3,Bb3a5,Ba5b7][%mdl 32] Prevents Rc5.} Rc7 25. Na5 Rac8 26. Rd2 Rc5 {[%csl LRa5,LRd5]} 27. Nxb7 Nc4 28. Rdd4 R5c7 29. Nd8 $1 {[%cal Oe4f4]} Na5 (29... Nb6 $5 30. Nc6 e6 $11) 30. Nc6 Nxc6 31. dxc6 Rxc6 $11 {[%mdl 4096] Endgame KRR-KRR} 32. c3 f5 33. Rh4 Rb8 34. Rb4 (34. Rxh6 Kg7 35. Rhh4 Rxc3 $11) (34. Kc2 {looks sharper.} Ra6 35. Ra4 Rbb6 36. b3 g5 37. Rhb4) 34... Rxb4 35. Rxb4 $14 {KR-KR} Rc7 36. Rb8+ Kf7 37. Kc2 Rc5 38. Rb7 (38. b4 $14 Re5 39. Kd3) 38... Ra5 $11 39. a3 f4 {Threatens to win with ...Rg5.} 40. Rb4 g5 {[%cal Bg6g5,Bg5g4][%mdl 32]} 41. Rb7 h5 42. c4 a6 43. Ra7 g4 {Hoping for ...Re5.} 44. Kd3 $2 {Black keeps a firm grip on the game.} (44. h3 $11 {and White is okay.}) 44... Re5 $1 $19 45. Rxa6 (45. Kd2 $142 gxf3 46. gxf3) 45... Re3+ (45... gxf3 46. gxf3 Re3+ 47. Kd4 $11) 46. Kd2 Rb3 $1 (46... gxf3 47. gxf3 Rxf3 48. b4 $17) 47. Kc2 {[#]} (47. Ra5 $142 Rxb2+ 48. Kc3 Rxg2 49. Rxh5) 47... gxf3 $1 48. gxf3 (48. Kxb3 $2 {loses.} fxg2 49. Ra5 g1=Q $19) 48... Rxf3 49. Ra5 (49. a4 {was necessary.} Rh3 50. Ra5) 49... e5 $1 {[%cal Be7e5,Be5e4,Be4e3,Be3e2][%mdl 32] ...e4 is the strong threat.} ({Not} 49... Rf2+ 50. Kd3 $17) 50. Rd5 (50. Ra7+ $142 Ke6 51. Ra8) 50... Ke6 $2 (50... e4 $1 $19 51. Rd2 Ke6) 51. a4 $2 {[%mdl 8192] [#]} (51. Rd3 $1 $11 {and White stays safe.} Rf1 52. Rd1) 51... e4 $1 52. a5 Rf2+ 53. Kc1 $2 (53. Kb3 Rf1 54. Rd4) 53... e3 {And now ...Rf1+ would win.} (53... Rxh2 54. a6 Rg2 55. Rd4 $15) 54. Rd1 {Inhibits Rf1.} Kd7 55. c5 e2 56. Rxd6+ Ke7 {Black mates.} 57. Kd2 {[#]} f3 $1 58. Rd3 Rf1 59. Re3+ Kd7 {Weighted Error Value: White=0.72/Black=0.16 (very precise)} 0-1

[Event "Clichy 92 IM 2022"]
[Site "Clichy"]
[Date "2022.02.23"]
[Round "5.1"]
[White "Benmesbah, Natacha"]
[Black "Sorbe, Stephane"]
[Result "0-1"]
[WhiteElo "2224"]
[BlackElo "2324"]
[Annotator "TA"]
[PlyCount "102"]
[EventDate "2022.02.20"]
[EventType "tourn"]
[EventCountry "FRA"]
[SourceTitle "playchess.com"]
[Source "ChessBase"]
[SourceQuality "1"]

{[%evp 10,102,12,19,25,28,23,12,16,1,12,12,19,12,50,48,48,-4,-6,-4,12,19,27,0,0,0,0,0,0,0,14,-58,-8,-27,27,0,0,-35,-35,-47,0,0,-4,-22,-20,-53,0,-31,-30,-37,-32,-45,0,0,0,-81,-54,-164,-150,-149,-156,-144,-49,-132,-8,-14,6,6,7,-134,-140,-125,-143,-250,-262,-242,-234,-1088,-413,-4990,-2961,-12837,-12837,-12835,-576,-12841,-12839,-12835,-12835,-29991,-29992,-29992,-29993,-29998,-29999]} 1. e4 c6 2. d4 d5 3. e5 Bf5 4. Nd2 e6 5. Nb3 Nd7 6. Nf3 h6 {6...Qc7 is becoming the main line. B12: Caro-Kann: Advance Variation.} 7. Be2 g5 8. Bd2 Ne7 {The position is equal.} 9. O-O Bg7 10. a4 a5 11. c3 Qc7 12. Ne1 c5 13. Nxc5 (13. Bb5 $14) 13... Nxc5 $11 14. dxc5 Qxc5 15. Bb5+ Kf8 {[#]} 16. Nf3 $146 ({Predecessor:} 16. Be3 Qc7 17. Nf3 Bg4 18. Bd4 Bxf3 19. Qxf3 Bxe5 20. Bxe5 Qxe5 21. Rae1 Qf4 22. Qe2 {½-½ (40) Volchkova,A (1539)-Khachatryan,M (1830) Moscow 2021}) 16... Qc7 17. Qe2 g4 18. Nd4 Bxe5 19. g3 h5 20. Rae1 (20. Nxf5 $11 Nxf5 21. Bd3) 20... Bxd4 ({Better is} 20... Be4 $15) 21. cxd4 Qc2 (21... Be4 $142) 22. Qe5 {[%mdl 1024] White has compensation.} Ng6 23. Qd6+ (23. Qe3 $5 {[%cal Re3a3]}) 23... Kg7 24. Re2 {[%cal Od2h6]} Rad8 (24... Qb3 $1 $15 {deserves consideration.}) 25. Qa3 Qc7 26. Rc1 Qb6 27. Rc5 Qd6 (27... Rc8 $15) 28. Qc3 b6 29. Rc7 h4 30. Bg5 Rb8 (30... Rdg8 $15) 31. Rd7 Qf8 32. Rc7 (32. Qc7 $11) 32... Rh5 33. gxh4 (33. Qc1 $15) 33... Nxh4 $19 34. Bxh4 Rxh4 35. Qg3 Qh8 (35... Rh3 $17 36. Qe5+ Kg6) 36. Qf4 (36. Bd3 $1 $15) 36... Kg6 (36... Rh5 $1 $17 {aiming for ...Rf8.} 37. Re3 Rf8) 37. Bd3 $1 $11 {[%cal Oe2e6] And now Rxe6+! would win.} Qf6 $132 {[%mdl 2048] Black puts up resistance} ({Resist} 37... Bxd3 38. Qxf7+ Kg5 39. Qxe6 $16 (39. Re5+ Bf5 $11)) 38. Bxf5+ Qxf5 {[#]} 39. Qxf5+ (39. Rxf7 $1 $11 {was the only way to keep the balance.} Qxf4 40. Rxf4) 39... exf5 {[%cal Be6f5,Bf5f4][%mdl 4128] Endgame KRR-KRR} ({Don't take} 39... Kxf5 40. Rxf7+ Kg6 41. Re7 $16) 40. Ree7 Rf8 41. Rb7 {[#]} (41. Red7 $17) 41... f4 $1 $19 {White must now prevent ...f3.} 42. Rxb6+ f6 {Threatens to win with ...f3.} 43. f3 $2 (43. Ree6 f3 44. Red6) 43... gxf3 (43... Rc8 $142 {( -> ...Rc1+)} 44. Ree6 Rc1+ 45. Kg2 Rc2+ 46. Kg1 gxf3 47. Rxf6+ Kg5 48. Rg6+ Kf5) 44. Rb5 (44. Rc6 $142 Rb8 45. Rc2) 44... Rfh8 45. Kf2 Rxh2+ 46. Kxf3 R8h5 (46... R8h3+ $142 47. Kxf4 Rf2+ 48. Kg4 Rd3) 47. Rd7 R2h3+ 48. Kf2 Rd3 49. Rdxd5 Rh2+ {Black mates.} 50. Ke1 f3 51. Rf5 Re2+ {Weighted Error Value: White=0.86/Black=0.42} 0-1

[Event "Clichy 92 IM 2022"]
[Site "Clichy"]
[Date "2022.02.23"]
[Round "5.2"]
[White "Valles Moreno, Ivan"]
[Black "Onkoud, Abdelaziz"]
[Result "1-0"]
[WhiteElo "2401"]
[BlackElo "2317"]
[Annotator "TA"]
[PlyCount "51"]
[EventDate "2022.02.20"]
[EventType "tourn"]
[EventCountry "FRA"]
[SourceTitle "playchess.com"]
[Source "ChessBase"]
[SourceQuality "1"]

{[%evp 13,51,112,125,100,140,141,140,105,200,213,181,185,292,229,329,325,347,340,340,340,340,340,513,518,534,499,787,838,980,953,891,832,817,848,822,808,844,812,675,554]} 1. Nf3 d6 2. d4 Bg4 3. e4 Nf6 4. Nc3 e6 5. h3 Bh5 6. Qe2 a6 7. g4 {[%cal Bg2g4,Bg4g5][%mdl 32]} Bg6 8. h4 {[#] Hoping for h5. White is more active. A41: 1 d4 d6: Tartakower System and Modern Defence.} h5 9. g5 Nfd7 10. Bh3 {[#] White is clearly better.} c5 $146 (10... b5 $16) ({Predecessor:} 10... b5 11. Qe3 Nb6 12. Nd2 e5 13. Ne2 c5 14. d5 N8d7 15. b3 Be7 16. Bb2 f6 {½-½ (59) Shulman,Y (2604)-Izoria,Z (2644) Connecticut 2007}) 11. d5 $18 e5 12. a4 {Prevents b5.} b6 (12... Nb6 $142 13. a5 Nc8) 13. Be3 Bh7 (13... Ra7 {might work better.} 14. Nd2 Be7) 14. Nd2 g6 15. Rg1 Bg7 16. Nc4 Qc7 17. f4 exf4 (17... Ra7 {was necessary.} 18. f5 O-O) 18. Bxf4 {White is clearly winning.} Ne5 19. Bxe5 dxe5 (19... Bxe5 $142 20. Nxe5 dxe5) 20. d6 Qc6 21. Nd5 Ra7 22. Ncxb6 {Pair of Knights!} O-O 23. Ne7+ Rxe7 24. dxe7 Qxb6 25. exf8=Q+ Bxf8 26. c3 {Weighted Error Value: White=0.07 (flawless) /Black=0.50} 1-0

[Event "Clichy 92 IM 2022"]
[Site "Clichy"]
[Date "2022.02.23"]
[Round "5.3"]
[White "Mekhane, Adam"]
[Black "Soham Das"]
[Result "1/2-1/2"]
[WhiteElo "2318"]
[BlackElo "2330"]
[Annotator "TA"]
[PlyCount "81"]
[EventDate "2022.02.20"]
[EventType "tourn"]
[EventCountry "FRA"]
[SourceTitle "playchess.com"]
[Source "ChessBase"]
[SourceQuality "1"]

{[%evp 17,81,0,5,0,18,15,16,4,53,49,40,47,73,59,64,63,63,66,56,56,60,58,63,52,50,45,60,53,75,60,75,57,75,66,75,58,75,68,68,34,83,76,83,83,81,41,31,4,45,45,45,45,52,13,13,0,0,0,0,0,0,0,0,0,0,0]} 1. e4 c5 2. Nf3 d6 3. d4 cxd4 4. Nxd4 Nf6 5. Nc3 a6 6. Be2 e5 7. Nb3 Be7 8. O-O O-O 9. Qd3 Be6 10. Bd2 {B92: Sicilian Najdorf: 6 Be2.} Nbd7 (10... Nc6 $5 {[%cal Rc6b4]}) 11. Nd5 Bxd5 12. exd5 Nc5 (12... Ne8 $11) 13. Nxc5 $14 dxc5 14. c4 Qc7 {[%cal Ob7b5] [#]} 15. Bc3 $146 ({Predecessor:} 15. Qh3 Qd7 16. Qxd7 Nxd7 17. g4 Bd6 18. Rae1 Rfe8 19. Kg2 e4 20. Bd1 b5 21. Bc2 {½-½ (41) Short,N (2652)-So,W (2776) Douglas 2018}) 15... Bd6 16. Qf5 Ne8 17. Bd3 {[%csl Gd3][%cal Rf5h7] [#] White is much more active.} g6 $1 18. Qh3 f5 19. f3 $1 {Inhibits e4.} Nf6 20. Bc2 Rae8 21. Rae1 b5 22. b3 Re7 23. Qh4 Nh5 24. Kh1 Nf4 25. a4 b4 26. Bd2 Ree8 27. Qf2 Qg7 28. Be3 Qc7 (28... e4 $1 $14 {deserves consideration.}) 29. Qg1 Re7 30. g3 Nh5 {[%cal Bf4h5,Bh5f4,Bf4e2][%mdl 32]} 31. g4 fxg4 32. fxg4 (32. Qxg4 {is interesting.} Nf4 33. h4 Ref7 34. Be4 Qc8 35. Kh2) 32... Rxf1 (32... Nf4 $11) 33. Rxf1 Nf4 34. Be4 Rf7 35. Qf2 {Inhibits Ne2.} Qe7 {The position is equal.} 36. h4 a5 37. Kh2 Rf8 {[%cal Of4e6]} 38. Qg3 Ne2 $1 {[%csl LRf1,LRg3]} 39. Rxf8+ Qxf8 40. Qf2 Qxf2+ 41. Bxf2 {Weighted Error Value: White=0.08 (flawless) /Black=0.10 (very precise)} 1/2-1/2

[Event "Clichy 92 IM 2022"]
[Site "Clichy"]
[Date "2022.02.23"]
[Round "5.4"]
[White "Petrov, Martin"]
[Black "Decuigniere, Tom"]
[Result "1/2-1/2"]
[WhiteElo "2542"]
[BlackElo "2292"]
[Annotator "TA"]
[PlyCount "78"]
[EventDate "2022.02.20"]
[EventType "tourn"]
[EventCountry "FRA"]
[SourceTitle "playchess.com"]
[Source "ChessBase"]
[SourceQuality "1"]

{[%evp 12,78,0,0,0,0,0,2,14,8,17,29,24,0,0,0,0,0,0,0,0,0,0,0,0,-15,-18,-25,-29,-72,-74,-59,-16,-12,-16,-16,-16,-14,-8,-8,-8,-8,-8,-39,-4,-4,-2,-18,-22,-20,-2,-2,-2,-3,-2,-2,-2,-2,-2,-6,0,0,0,0,0,0,0,0,0]} 1. c4 c5 2. Nf3 g6 3. e4 Bg7 4. d4 cxd4 5. Nxd4 Nc6 6. Nc2 d6 7. Be2 Be6 {B37: Sicilian: Maroczy Bind with 5...Bg7, sidelines.} 8. O-O Rc8 9. Ne3 {[#]} Qd7 $146 ({Predecessor:} 9... Nf6 10. Nc3 O-O 11. Bd2 a6 12. Rc1 Nd4 13. b3 Nd7 14. Ned5 f5 15. exf5 Bxf5 {1-0 (75) Oparin,G (2652)-Martirosyan,H (2622) chess24.com INT 2021}) 10. f4 {[#] Hoping for f5.} Nd4 {Inhibits f5.} 11. Bd3 {Threatens to win with f5.} f5 12. Nc3 Nf6 13. exf5 Nxf5 14. Nxf5 Bxf5 15. Be3 Qe6 16. Bxa7 {Strongly threatening Re1.} Bxd3 17. Qxd3 Qxc4 18. Qf3 O-O 19. Qxb7 Rc7 20. Qb3 Qxb3 $17 21. axb3 Ng4 (21... Nh5 $15 22. Be3 Bxc3 23. bxc3 Rxc3) 22. h3 $11 {[#]} Rxa7 $1 {[%mdl 64] Remove Defender, Decoy} 23. Rxa7 Bd4+ 24. Kh1 Bxa7 25. hxg4 {[%mdl 4096] Endgame KRB-KRN} Rb8 26. Re1 Kf7 27. Nd5 (27. b4 $5) 27... Rb7 {[%mdl 1024] Black has compensation.} (27... e6 $5 {[%cal Re6d5]} 28. Nc7 e5 29. fxe5 dxe5 $17) 28. f5 {The position is equal.} Bd4 29. Re2 Be5 30. b4 h5 31. fxg6+ Kxg6 32. gxh5+ Kxh5 33. Re4 Kg5 34. g4 e6 35. Ne3 Bf4 36. Rxe6 Bxe3 37. Rxe3 Rxb4 38. Rd3 Rxb2 39. Rxd6 Kxg4 {Weighted Error Value: White=0.05 (flawless) /Black=0.05 (flawless)} 1/2-1/2

[Event "Clichy 92 IM 2022"]
[Site "Clichy"]
[Date "2022.02.23"]
[Round "5.5"]
[White "Droin, Augustin"]
[Black "Degardin, Sylvain"]
[Result "1-0"]
[WhiteElo "2343"]
[BlackElo "2291"]
[Annotator "TA"]
[PlyCount "65"]
[EventDate "2022.02.20"]
[EventType "tourn"]
[EventCountry "FRA"]
[SourceTitle "playchess.com"]
[Source "ChessBase"]
[SourceQuality "1"]

{[%evp 10,65,16,9,17,13,20,0,0,13,13,-2,20,29,15,15,22,10,15,23,37,31,32,29,49,36,34,39,81,61,70,61,89,81,73,77,119,113,121,128,137,126,143,143,141,135,216,220,206,205,286,279,271,275,628,757,606,598]} 1. e4 e5 2. Nf3 Nc6 3. Bc4 Bc5 4. c3 Nf6 5. d3 {[%cal Bd2d3,Bd3d4][%mdl 32]} d6 6. O-O a5 {6...h6 is becoming the main line. C54: Giuoco Piano: 4 c3 Nf6, main lines with 5 d4 and 5 d3.} 7. Re1 h6 8. d4 Bb6 {The position is equal.} 9. h3 $1 O-O $1 {[%cal Of6e4]} 10. Bb5 Ne7 11. Nbd2 {[%cal Bb1d2,Bd2f1,Bf1e3,Be3g2][%mdl 32]} c6 12. Bd3 Ng6 13. Nf1 {[#]} Nh5 $146 {[#]} ({Predecessor:} 13... a4 14. Ng3 c5 15. dxe5 dxe5 16. Qe2 Be6 17. Bc4 Qd7 18. Be3 Bxc4 19. Qxc4 Qc6 {½-½ (31) Van Bommel,T (2071)-Filak,R (1985) LSS email 2019}) 14. Nxe5 $1 Nxe5 (14... dxe5 15. Qxh5) 15. dxe5 Qh4 16. Be3 Bxe3 17. Nxe3 ({Reject} 17. fxe3 dxe5 18. Qe2 Be6 $15) 17... dxe5 18. g3 Nxg3 19. Ng2 $16 Qxh3 {[%csl Gg3][%cal Rh3h1]} 20. fxg3 Qxg3 {[#]} 21. Re3 $1 Qg5 22. Qe1 Be6 ({Black should play} 22... h5) 23. Rg3 Qe7 24. Ne3 {Inhibits f5.} Rfd8 25. Nf5 Qc5+ 26. Kh2 {Chess con chili.} Bxf5 27. exf5 Rd6 (27... f6 $16 28. Qe2 Kh8) 28. Qg1 $18 Qxg1+ 29. Raxg1 Kh8 {[#]} 30. Bc4 $1 Rf6 (30... Rd2+ $2 31. Kh3 Rf2 32. Rxg7 Rf3+ 33. R1g3 Rxf5 34. Bxf7) 31. Rxg7 Rd8 $2 (31... Rxf5 32. Rxf7 Rxf7 33. Bxf7 Rf8) 32. Rxf7 Rd2+ 33. Rg2 {Weighted Error Value: White=0.02 (flawless) /Black=0.31} 1-0